00322nam a2200121 a 450000500170000000800410001705000190005824500260007726000430010344000210014650000120016765000210017920140513081057.0070912s19uu xx 00 eng d aVCDbKi46 1981 aA Joy fulliest noise. aPhilippines :bMaranatha Music,c1981. aThe kids praise! aAlbum 2 aSongs of praise.